000
00309nam a2200133Ia 4500
008
190723s9999 xx 000 0 und d
020
_a
0-07-060348-0
100
_a
Donald R.Lehman
245
0
_a
Product Management
250
_a
4th
260
_a
India
_b
McGraw Hill
_c
2005
300
_a
494:P
942
_c
BK
999
_c
2056
_d
2056